ბათუმის შოთა რუსთაველის სახელმწიფო უნივერსიტეტის ბიბლიოთეკა

Cultural Norms and National Security: (ბიბ.ჩანაწერი № 63944)

000 -LEADER
fixed length control field 00820nam a22001817a 4500
005 - DATE AND TIME OF LATEST TRANSACTION
control field 20260226123456.0
008 - FIXED-LENGTH DATA ELEMENTS--GENERAL INFORMATION
fixed length control field 260226s1996 enk||||| |||| 00| 0 eng d
020 ## - INTERNATIONAL STANDARD BOOK NUMBER
International Standard Book Number 9780801432606x
041 ## - LANGUAGE CODE
Language code of text/sound track or separate title eng
080 ## - UNIVERSAL DECIMAL CLASSIFICATION NUMBER
Universal Decimal Classification number 355.02 : 351.865 K-23
100 ## - MAIN ENTRY--PERSONAL NAME
Personal name Katzenstein, Peter J.
9 (RLIN) 26984
245 ## - TITLE STATEMENT
Title Cultural Norms and National Security:
Remainder of title Police and Military in Postwar Japan /
Statement of responsibility, etc. Peter J. Katzenstein.
264 ## - PRODUCTION, PUBLICATION, DISTRIBUTION, MANUFACTURE, AND COPYRIGHT NOTICE
Place of production, publication, distribution, manufacture London :
Name of producer, publisher, distributor, manufacturer Cornell University Press,
Date of production, publication, distribution, manufacture, or copyright notice 1996.
300 ## - PHYSICAL DESCRIPTION
Extent 310 p.;
Other physical details 24 cm.
653 ## - INDEX TERM--UNCONTROLLED
keyword კულტურული ნორმები და ეროვნული უსაფრთხოება იაპონიაში
653 ## - INDEX TERM--UNCONTROLLED
keyword პოლიცია და სამხედროები ომისშემდგომ იაპონიაში
942 ## - ADDED ENTRY ELEMENTS (KOHA)
Source of classification or shelving scheme
Koha item type წიგნი
ეგზემპლარები
Withdrawn status Lost status Source of classification or shelving scheme Damaged status Not for loan Permanent Location Current Location Shelving location Date acquired Cost, normal purchase price Full call number Barcode Date last seen Copy number Uniform Resource Identifier Price effective from Koha item type Public note
          ბათუმის შოთა რუსთაველის სახელმწიფო უნივერსიტეტის მთავარი ბიბლიოთეკა ბათუმის შოთა რუსთაველის სახელმწიფო უნივერსიტეტის მთავარი ბიბლიოთეკა წიგნსაცავი 2026-02-26 12.00 355.02 : 351.865 K-23 73829 2026-02-26 73829 იაპონიის ელჩის საჩუქარი 2026-02-26 წიგნი 12 ლ.